tracy beaker super quiz - Statistics

General Stats
  • This quiz has been taken 227 times
  • The average score is 10 of 15
Answer Stats
Hint Answer % Correct
Tracy's worst child enemy Justine
99%
Fosters Tracy Beaker Cam
96%
Tracy's worst adult enemy also known as a pain Elaine
95%
brother of Bouncer Lol
90%
social worker-name begins with an M Mike
86%
Can get very angry Crash
85%
A great chef who hates getting his veg ruined by children Duke
84%
Tracy's friend and a great runner Jackie
76%
Author of the book series Jacqueline Wilson
76%
Main charcter and very cheeky Tracy Beaker
66%
loves food a lot! Bouncer
63%
Is very wierd and wears fancy dress Marco
57%
loves the outside and wildlife Wolfie
54%
What is the surname of the family that foster Louise Morris
14%
Name the Wellards (in alphabetical order) Chantal Rio and Roxy
5%
No matching quizzes found
Score Distribution
Percent of People with Each Score
Percentile by Number Answered
Your Score History
You have not taken this quiz